000
00245nmm a2200085Ia 4500
008
220120s9999||||xx |||||||||||||||||und||
100
_a
PCQ
245
0
_a
Open source business, intellegence, HRM and accounting siftw
260
_a
Cyber media Pvt. Ltd.
999
_c
139981
_d
139981